Mistrzowie Bundesligi w piłce nożnej - Statystyki

Ogólne statystyki
  • Ten quiz został rozwiązany 7 062 razy
    4 580 od ostatniego zresetowania
  • Średni wynik to 48 z 62
Statystyki odpowiedzi
Sezon Mistrz % Poprawnych
2023/24 Bayer 04 Leverkusen
100%
1968/69 Bayern Monachium
99%
1971/72 Bayern Monachium
99%
1972/73 Bayern Monachium
99%
1973/74 Bayern Monachium
99%
1979/80 Bayern Monachium
99%
1980/81 Bayern Monachium
99%
1984/85 Bayern Monachium
99%
1985/86 Bayern Monachium
99%
1986/87 Bayern Monachium
99%
1988/89 Bayern Monachium
99%
1989/90 Bayern Monachium
99%
1993/94 Bayern Monachium
99%
1996/97 Bayern Monachium
99%
1998/99 Bayern Monachium
99%
1999/00 Bayern Monachium
99%
2000/01 Bayern Monachium
99%
2002/03 Bayern Monachium
99%
2004/05 Bayern Monachium
99%
2005/06 Bayern Monachium
99%
200708 Bayern Monachium
99%
2009/10 Bayern Monachium
99%
2012/13 Bayern Monachium
99%
2013/14 Bayern Monachium
99%
2014/15 Bayern Monachium
99%
2015/16 Bayern Monachium
99%
2016/17 Bayern Monachium
99%
2017/18 Bayern Monachium
99%
2018/19 Bayern Monachium
99%
2019/20 Bayern Monachium
99%
2020/21 Bayern Monachium
99%
2021/22 Bayern Monachium
99%
2022/23 Bayern Monachium
99%
2024/25 Bayern Monachium
99%
1994/95 Borussia Dortmund
97%
1995/96 Borussia Dortmund
97%
2001/02 Borussia Dortmund
97%
2010/11 Borussia Dortmund
97%
2011/12 Borussia Dortmund
97%
1978/79 Hamburger SV
63%
1981/82 Hamburger SV
63%
1982/83 Hamburger SV
63%
2008/09 VfL Wolfsburg
57%
1963/64 1. FC Köln
53%
1977/78 1. FC Köln
53%
1964/65 Werder Brema
50%
1987/88 Werder Brema
50%
1992/93 Werder Brema
50%
2003/04 Werder Brema
50%
1983/84 VfB Stuttgart
46%
1991/92 VfB Stuttgart
46%
2006/07 VfB Stuttgart
46%
1969/70 Borussia Mönchengladbach
33%
1974/75 Borussia Mönchengladbach
33%
1975/76 Borussia Mönchengladbach
33%
1976/77 Borussia Mönchengladbach
33%
1970/71 Borussia Mönchengladbach
32%
1990/91 1. FC Kaiserslautern
29%
1997/98 1. FC Kaiserslautern
29%
1965/66 TSV 1860 Monachium
23%
1967/68 1. FC Nürnberg
19%
1966/67 Eintracht Brunszwik
11%
Nie znaleziono quizów pasujących do podanych kryteriów
Rozkład punktacji
Procent ludzi z każdym wynikiem
Percentyl według liczby udzielonych odpowiedzi
Twoja historia wyników
Nie rozwiązałeś tego quizu od ostatniego zresetowania